đź“–150 premiers mots "Notre-Dame de Paris" Victor Hugo - Statistiques

Statistiques générales
  • Ce quiz a Ă©tĂ© pris 31 fois
  • Le rĂ©sultat moyen est 84 sur 150
Statistiques - réponses
Mots % Correct
s'
100%
a
96%
Ă 
96%
d'
96%
de
96%
de ...
96%
Il
96%
l'
96%
la
96%
Laas,
96%
le
96%
n'
96%
picards
96%
Ce
93%
les
93%
un
93%
dès
89%
et
89%
en
85%
Paris.
85%
pas
85%
une
85%
est
81%
bourguignons,
78%
était
78%
que
78%
y
78%
ou
74%
qui
70%
1482.
67%
si
67%
au
63%
dans
63%
'notredit
63%
Ville.
63%
jour
59%
plus
59%
6
56%
aujourd'hui
56%
ni
56%
non
56%
janvier
44%
ans
41%
cent
41%
toutes
41%
belle
33%
dix-
33%
huit
33%
jours
33%
matin,
33%
quarante-
33%
dont
30%
mois
30%
neuf
30%
six
30%
trois
30%
cloches
26%
Cité,
22%
grande
22%
histoire
22%
mĂŞme
22%
Rien
22%
parisiens
19%
souvenir
19%
ait
15%
gardé
15%
très
15%
bruit
11%
roi',
11%
siècle,
11%
volée
11%
cependant
7%
ainsi
4%
Justice
4%
monsieur
4%
quinzième
4%
sonnant
4%
triple
4%
Université
4%
assaut
0%
bourgeois
0%
branle,
0%
châsse
0%
écoliers
0%
enceinte
0%
entrée
0%
éveillèrent
0%
événement
0%
fréquente
0%
larronnesses
0%
larrons
0%
menée
0%
mettait
0%
notable
0%
pendaison
0%
procession,
0%
redouté
0%
révolte
0%
seigneur
0%
survenue,
0%
vigne
0%
Aucun quiz correspondant
Distribution des résultats
% des personnes avec chaque résultat
Percentile par nombre de réponses
Votre historique - résultats
Vous n’avez pas pris ce quiz